| 000 | 00535nam a22001697a 4500 | ||
|---|---|---|---|
| 008 | 160314b xxu||||| |||| 00| 0 eng d | ||
| 020 | _a1558102828 | ||
| 040 |
_aKabarak University Library _cKabarak University Library |
||
| 110 | _aAmerican Nurses Association | ||
| 245 | _aNursing | ||
| 250 | _a2nd ed. | ||
| 260 |
_aAmerica _bNursesbooks.org _c2010 |
||
| 300 | _axviii,163p. | ||
| 650 |
_anursing-standards _xunited state |
||
| 650 |
_aclinical competence-standard _xunited states |
||
| 942 |
_2lcc _cBK _e2nd ed. _kRT85.5.A442010C.1 |
||
| 999 |
_c15761 _d15761 |
||